000 00327cam a2200133ua 4500
041 _aeng
_h
100 _aBalasubramaniyan, P.P .
245 _aCashew -nut production and Technology for profit
260 _aDelhi :
_bDirector of exetension ,
_c1998.
300 _a ; .
504 _a
942 _cBK
999 _c13001
_d13001